[Event "SVK-chT2A 2324"]
[Site "Slovakia"]
[Date "2023.11.11"]
[Round "3.6"]
[White "Fuchs, Ladislav"]
[Black "Malaschitz, Teodor"]
[Result "1-0"]
[WhiteElo "1979"]
[BlackElo "1729"]
[PlyCount "63"]
[EventDate "2023.10.07"]
[EventType "team-tourn"]
[EventRounds "11"]
[EventCountry "SVK"]
[SourceTitle "EXT 2025"]
[Source "ChessBase"]
[SourceDate "2024.10.14"]
[SourceVersion "1"]
[SourceVersionDate "2024.10.14"]
[SourceQuality "1"]
[WhiteTeam "Pezinok"]
[BlackTeam "Bratislava Doprastav III"]
[WhiteTeamCountry "SVK"]
[BlackTeamCountry "SVK"]

1. e4 e6 2. d4 d5 3. Nc3 dxe4 4. Nxe4 Nd7 5. Nf3 Ngf6 6. Bd3 Be7 7. 0-0 Nxe4 8. Bxe4 Nf6 9. Bd3 c5 10. Re1 cxd4 11. Nxd4 a6 12. c3 Qc7 13. Qf3 Bd6 14. Nf5 Rg8 15. Nxg7+ Rxg7 16. Qxf6 Rg8 17. h3 Be7 18. Qf3 Bd7 19. Bxh7 Bc6 20. Be4 Bxe4 21. Rxe4 Bd6 22. Bf4 0-0-0 23. Bxd6 Rxd6 24. Rd1 Rgd8 25. Rxd6 Rxd6 26. Rg4 Rd8 27. Rg7 Rf8 28. g3 Qe7 29. h4 e5 30. Qd5 e4 31. Rg5 e3 32. Qc5+ 1-0

[Event "SVK-chT2A 2122"]
[Site "Slovakia"]
[Date "2021.11.14"]
[Round "4.8"]
[White "Fuchs, Ladislav"]
[Black "Sadlon, Matus"]
[Result "0-1"]
[WhiteElo "2003"]
[BlackElo "1756"]
[PlyCount "92"]
[EventDate "2021.10.16"]
[EventType "team-tourn"]
[EventRounds "11"]
[EventCountry "SVK"]
[SourceTitle "EXT 2023"]
[Source "ChessBase"]
[SourceDate "2022.10.05"]
[SourceVersion "1"]
[SourceVersionDate "2022.10.05"]
[SourceQuality "1"]
[WhiteTeam "Pezinok"]
[BlackTeam "Osuske II"]
[WhiteTeamCountry "SVK"]
[BlackTeamCountry "SVK"]

1. e4 e5 2. Nf3 Nc6 3. Bc4 Nf6 4. d3 Be7 5. c3 d6 6. Bb3 0-0 7. 0-0 Na5 8. Bc2 c5 9. Nbd2 Bg4 10. Re1 Rc8 11. Nf1 Qc7 12. h3 Be6 13. Ng3 Rfd8 14. Nh2 d5 15. Qf3 b5 16. Ng4 Nxg4 17. hxg4 d4 18. Nf5 Bf8 19. Bd2 Nc6 20. g3 Qd7 21. g5 Ne7 22. Nxe7+ Bxe7 23. Qh5 Bg4 24. Qh4 Rc6 25. Qh2 Bf3 26. c4 Rg6 27. Bd1 Qg4 28. cxb5 Bxg5 29. Bxf3 Qxf3 30. Bxg5 Rxg5 31. Rad1 Rd6 32. Qg2 Qg4 33. Rc1 h5 34. Rxc5 h4 35. f3 Qxg3 36. Qxg3 Rxg3+ 37. Kf2 Rf6 38. Rxe5 Rfxf3+ 39. Ke2 Re3+ 40. Kd2 Rg2+ 41. Kd1 Rxd3+ 42. Kc1 h3 43. Rf5 h2 44. Rh1 Rdg3 45. Rff1 Rg1 46. Kd1 Rxh1 0-1

[Event "SVK-chT2A 1314"]
[Site "Slovakia"]
[Date "2014.02.01"]
[Round "7.8"]
[White "Fuchs, Ladislav"]
[Black "Ocko, Martin"]
[Result "1-0"]
[WhiteElo "1921"]
[BlackElo "1736"]
[PlyCount "83"]
[EventDate "2013.10.19"]
[EventType "team-tourn"]
[EventRounds "11"]
[EventCountry "SVK"]
[SourceTitle "EXT 2015"]
[Source "ChessBase"]
[SourceDate "2014.11.20"]
[SourceVersion "1"]
[SourceVersionDate "2014.11.20"]
[SourceQuality "1"]
[WhiteTeam "Pezinok"]
[BlackTeam "Osuske II"]
[WhiteTeamCountry "SVK"]
[BlackTeamCountry "SVK"]

1. e4 c5 2. Nf3 Nc6 3. d4 cxd4 4. Nxd4 g6 5. Nc3 Bg7 6. Be3 Nf6 7. Bc4 0-0 8. Bb3 a6 9. f3 Qc7 10. Qd2 Na5 11. 0-0-0 e5 12. Nde2 Nxb3+ 13. axb3 b5 14. Nd5 Nxd5 15. Qxd5 Rb8 16. Qd6 Qxd6 17. Rxd6 Re8 18. Nc3 Re6 19. Rhd1 Bf8 20. R6d3 Kg7 21. Nd5 Rc6 22. g4 a5 23. g5 d6 24. h4 Be6 25. Rc3 Bxd5 26. Rxd5 Rxc3 27. bxc3 Be7 28. Kb2 Rb7 29. c4 bxc4 30. Rxa5 cxb3 31. cxb3 f5 32. Ra7 Rxa7 33. Bxa7 Kf7 34. Kc3 Ke6 35. Kc4 h6 36. gxh6 Bxh4 37. b4 Kf7 38. b5 Bd8 39. Kd5 fxe4 40. fxe4 Kf6 41. b6 g5 42. b7 1-0

[Event "SVK-chT2B 1213"]
[Site "Slovakia"]
[Date "2013.02.16"]
[Round "8.1"]
[White "Fuchs, Ladislav"]
[Black "Kaniansky, Miroslav"]
[Result "0-1"]
[WhiteElo "1878"]
[BlackElo "2209"]
[PlyCount "86"]
[EventDate "2012.10.13"]
[EventType "team-tourn"]
[EventRounds "11"]
[EventCountry "SVK"]
[SourceTitle "EXT 2015"]
[Source "ChessBase"]
[SourceDate "2014.11.20"]
[SourceVersion "1"]
[SourceVersionDate "2014.11.20"]
[SourceQuality "1"]
[WhiteTeam "Myjava Spartak"]
[BlackTeam "Prievidza II"]
[WhiteTeamCountry "SVK"]
[BlackTeamCountry "SVK"]

1. e4 e5 2. Nf3 Nc6 3. Bc4 Bc5 4. 0-0 Nf6 5. d3 d6 6. a3 Qe7 7. Nbd2 Be6 8. c3 0-0 9. b4 Bb6 10. Qb3 Nd8 11. Re1 c6 12. Bxe6 Nxe6 13. Nc4 Bc7 14. a4 Nh5 15. Ne3 Nhf4 16. Qc2 Qf6 17. Nf5 g6 18. Nh6+ Kh8 19. Ng4 Qg7 20. g3 f5 21. gxf4 fxg4 22. Ng5 Nxg5 23. fxg5 Bb6 24. Be3 Qe7 25. a5 Bxe3 26. Rxe3 Qxg5 27. Qe2 Rf3 28. Re1 Raf8 29. d4 Qf4 30. Rf1 Rxe3 31. Qxe3 Qxe3 32. fxe3 Rxf1+ 33. Kxf1 Kg7 34. Kf2 Kf6 35. Kg3 h5 36. c4 b6 37. axb6 axb6 38. Kh4 c5 39. dxc5 dxc5 40. b5 Kg7 41. Kg5 Kf7 42. Kh4 Kf6 43. Kg3 Kg5 0-1

[Event "SVK-chT2B 1213"]
[Site "Slovakia"]
[Date "2013.02.02"]
[Round "7.1"]
[White "Debnar, Lubos"]
[Black "Fuchs, Ladislav"]
[Result "1/2-1/2"]
[WhiteElo "2291"]
[BlackElo "1878"]
[PlyCount "137"]
[EventDate "2012.10.13"]
[EventType "team-tourn"]
[EventRounds "11"]
[EventCountry "SVK"]
[SourceTitle "EXT 2015"]
[Source "ChessBase"]
[SourceDate "2014.11.20"]
[SourceVersion "1"]
[SourceVersionDate "2014.11.20"]
[SourceQuality "1"]
[WhiteTeam "Topolcianky"]
[BlackTeam "Myjava Spartak"]
[WhiteTeamCountry "SVK"]
[BlackTeamCountry "SVK"]

1. d4 d5 2. c4 e6 3. Nc3 Nf6 4. Bg5 Be7 5. cxd5 exd5 6. Qc2 0-0 7. e3 c6 8. Bd3 Nbd7 9. Nf3 Re8 10. 0-0 Nf8 11. Bxf6 Bxf6 12. b4 a6 13. a4 Be7 14. b5 axb5 15. axb5 Be6 16. bxc6 Rxa1 17. Rxa1 bxc6 18. Ne5 Qc8 19. Na4 c5 20. Nxc5 Qc7 21. Qa4 Rc8 22. Nxe6 fxe6 23. g3 Bd6 24. Nf3 h6 25. Kg2 Nd7 26. Rb1 Nf6 27. Bg6 Rb8 28. Rxb8+ Qxb8 29. Qa6 Nh7 30. Bxh7+ Kxh7 31. Nh4 g6 32. Qc6 Qf8 33. Nf3 Qe7 34. h4 Kg7 35. Ne1 Qc7 36. Qb5 Qe7 37. Nd3 Kf7 38. Qa6 Qc7 39. Ne1 Kg7 40. Qe2 Qf7 41. Qb5 Qe7 42. Qc6 Qc7 43. Qe8 Qe7 44. Qc8 Kf7 45. Kg1 Qf8 46. Qc6 Qe7 47. Nd3 Qc7 48. Qxc7+ Bxc7 49. Kg2 Kf6 50. Kf3 Bd6 51. Kg4 h5+ 52. Kf3 Bc7 53. Nf4 Kf5 54. Nh3 Bd8 55. Nf4 Be7 56. Ke2 Bb4 57. Nd3 Bd6 58. Kf3 Bc7 59. Nc5 Bb6 60. Ke2 Bc7 61. Kd3 Bd6 62. e4+ dxe4+ 63. Nxe4 Bc7 64. Ke3 Bb8 65. Kf3 Bc7 66. Nd2 Bb6 67. Nb3 Ba7 68. Nc5 e5 69. Ke2 1/2-1/2

[Event "SVK-chT2B 1213"]
[Site "Slovakia"]
[Date "2012.12.01"]
[Round "3"]
[White "Srvatka, Igor"]
[Black "Fuchs, Ladislav"]
[Result "1-0"]
[WhiteElo "2178"]
[BlackElo "1878"]
[PlyCount "101"]
[EventDate "2012.10.13"]
[EventType "team-tourn"]
[EventRounds "11"]
[EventCountry "SVK"]
[SourceTitle "EXT 2015"]
[Source "ChessBase"]
[SourceDate "2014.11.20"]
[SourceVersion "1"]
[SourceVersionDate "2014.11.20"]
[SourceQuality "1"]
[WhiteTeam "Trencin II"]
[BlackTeam "Myjava Spartak"]
[WhiteTeamCountry "SVK"]
[BlackTeamCountry "SVK"]

1. e4 e5 2. Nf3 Nc6 3. Bc4 Bc5 4. c3 Nf6 5. d3 d6 6. a4 a6 7. b4 Bb6 8. a5 Ba7 9. Qb3 0-0 10. Nbd2 Ne7 11. Ng5 d5 12. exd5 Nexd5 13. Nde4 c6 14. 0-0 h6 15. Nf3 Qc7 16. Re1 Re8 17. Nxf6+ Nxf6 18. Be3 Be6 19. Bxa7 Bxc4 20. Qxc4 Rxa7 21. Qc5 Raa8 22. Nxe5 Nd5 23. d4 Qe7 24. Qxe7 Rxe7 25. Rac1 Rae8 26. Kf1 f6 27. Nd3 Rxe1+ 28. Nxe1 Kf7 29. Nd3 Re7 30. c4 Nc7 31. Rd1 g5 32. h3 Kf8 33. g3 Kf7 34. Rd2 Kf8 35. Nc5 Ne6 36. Ne4 f5 37. Nd6 f4 38. g4 Rd7 39. Nf5 h5 40. Ke2 hxg4 41. hxg4 Ng7 42. Nxg7 Kxg7 43. Kd3 Kf6 44. Re2 Rd8 45. Re5 Rd7 46. Rf5+ Kg6 47. d5 Rd8 48. Kd4 Rd7 49. Kc5 cxd5 50. cxd5 Rd8 51. d6 1-0

[Event "SVK-chT2B 1213"]
[Site "Slovakia"]
[Date "2012.10.13"]
[Round "1.2"]
[White "Voros, Gellert"]
[Black "Fuchs, Ladislav"]
[Result "1-0"]
[WhiteElo "2042"]
[BlackElo "1878"]
[PlyCount "43"]
[EventDate "2012.10.13"]
[EventType "team-tourn"]
[EventRounds "11"]
[EventCountry "SVK"]
[SourceTitle "EXT 2015"]
[Source "ChessBase"]
[SourceDate "2014.11.20"]
[SourceVersion "1"]
[SourceVersionDate "2014.11.20"]
[SourceQuality "1"]
[WhiteTeam "Komarno II"]
[BlackTeam "Myjava Spartak"]
[WhiteTeamCountry "SVK"]
[BlackTeamCountry "SVK"]

1. e4 e5 2. f4 d6 3. Nf3 Nc6 4. Bb5 Bd7 5. 0-0 Nf6 6. c3 Be7 7. Qe2 0-0 8. d4 exd4 9. cxd4 a6 10. Bd3 Bg4 11. Be3 Nb4 12. Nc3 Nxd3 13. Qxd3 c6 14. h3 Bxf3 15. Rxf3 b5 16. Raf1 b4 17. Ne2 d5 18. e5 Ne4 19. f5 Bg5 20. f6 gxf6 21. Rxf6 Bxf6 22. Rxf6 1-0

[Event "Bratislava Doprastav op"]
[Site "Bratislava"]
[Date "2010.07.05"]
[Round "6"]
[White "Hurban, Martin"]
[Black "Fuchs, Ladislav"]
[Result "1-0"]
[WhiteElo "1928"]
[BlackElo "1795"]
[PlyCount "77"]
[EventDate "2010.07.02"]
[EventType "swiss"]
[EventRounds "9"]
[EventCountry "SVK"]
[SourceTitle "EXT 2012"]
[Source "ChessBase"]
[SourceDate "2011.11.24"]
[SourceVersion "1"]
[SourceVersionDate "2011.11.24"]
[SourceQuality "1"]

1. e4 e5 2. Nf3 Nc6 3. Bb5 a6 4. Ba4 Nf6 5. 0-0 b5 6. Bb3 Bc5 7. Re1 0-0 8. c3 d6 9. h3 Bb7 10. d4 exd4 11. cxd4 Bb4 12. Nc3 h6 13. a3 Ba5 14. Qc2 b4 15. axb4 Nxb4 16. Qb1 Bb6 17. Be3 d5 18. e5 Ne4 19. Qd1 Qe7 20. Nd2 Rad8 21. Nf1 Kh8 22. f3 Ng5 23. Ng3 f5 24. Nge2 Ne6 25. Qd2 c5 26. Kh1 cxd4 27. Nxd4 Nxd4 28. Bxd4 Bxd4 29. Qxd4 Nc6 30. Qf4 d4 31. Na4 Qb4 32. e6 Qxb3 33. e7 Nxe7 34. Rxe7 Qd5 35. Nc5 Qxc5 36. Rxb7 d3 37. Rxa6 Kg8 38. Rxg7+ Kxg7 39. Qxh6+ 1-0

[Event "Bratislava Doprastav op"]
[Site "Bratislava"]
[Date "2010.07.04"]
[Round "4"]
[White "Fuchs, Ladislav"]
[Black "Machalec, Vladimir"]
[Result "1/2-1/2"]
[WhiteElo "1795"]
[BlackElo "1963"]
[PlyCount "51"]
[EventDate "2010.07.02"]
[EventType "swiss"]
[EventRounds "9"]
[EventCountry "SVK"]
[SourceTitle "EXT 2012"]
[Source "ChessBase"]
[SourceDate "2011.11.24"]
[SourceVersion "1"]
[SourceVersionDate "2011.11.24"]
[SourceQuality "1"]

1. e4 c5 2. Nf3 Nc6 3. d4 cxd4 4. Nxd4 g6 5. Nc3 Bg7 6. Be3 Nf6 7. f3 0-0 8. Qd2 d5 9. exd5 Nxd5 10. Nxd5 Qxd5 11. Nxc6 Qxc6 12. 0-0-0 Be6 13. Kb1 a5 14. Bh6 Bxh6 15. Qxh6 b5 16. Qg5 Bf5 17. Bd3 Bxd3 18. Rxd3 e6 19. h4 h5 20. g4 hxg4 21. h5 Rac8 22. hxg6 Qxc2+ 23. Ka1 Qxd3 24. Rh8+ Kg7 25. Rh7+ Kg8 26. Rh8+ 1/2-1/2

[Event "Bratislava Doprastav op"]
[Site "Bratislava"]
[Date "2010.07.03"]
[Round "2"]
[White "Petran, Peter"]
[Black "Fuchs, Ladislav"]
[Result "1-0"]
[WhiteElo "2339"]
[BlackElo "1795"]
[PlyCount "47"]
[EventDate "2010.07.02"]
[EventType "swiss"]
[EventRounds "9"]
[EventCountry "SVK"]
[SourceTitle "EXT 2012"]
[Source "ChessBase"]
[SourceDate "2011.11.24"]
[SourceVersion "1"]
[SourceVersionDate "2011.11.24"]
[SourceQuality "1"]

1. g3 Nf6 2. Bg2 d5 3. Nf3 g6 4. 0-0 Bg7 5. c4 c6 6. Qc2 0-0 7. d3 Re8 8. d4 e6 9. Rd1 Nbd7 10. b3 Ne4 11. Bb2 Qc7 12. Na3 a6 13. Rac1 Nf8 14. b4 Bd7 15. Qb3 Rac8 16. Ne5 Nd6 17. cxd5 exd5 18. Bxd5 Be6 19. Bxe6 Rxe6 20. e3 Ree8 21. Nac4 Qd8 22. Nxd6 Qxd6 23. Nxf7 Qe6 24. Nd6 1-0

[Event "Bratislava Doprastav op"]
[Site "Bratislava"]
[Date "2008.07.03"]
[Round "7"]
[White "Fuchs, Ladislav"]
[Black "Hajek, Lukas"]
[Result "1-0"]
[WhiteElo "1678"]
[BlackElo "1526"]
[PlyCount "120"]
[EventDate "2008.06.28"]
[EventType "swiss"]
[EventRounds "7"]
[EventCountry "SVK"]
[SourceTitle "CBM 125 Extra"]
[Source "ChessBase"]
[SourceDate "2008.09.01"]
[SourceVersion "1"]
[SourceVersionDate "2008.09.01"]
[SourceQuality "1"]

1. e4 e6 2. Nf3 d5 3. exd5 exd5 4. d4 c5 5. Be3 c4 6. b3 Bb4+ 7. c3 cxb3 8. axb3 Be7 9. Bd3 Nf6 10. 0-0 Bg4 11. Nbd2 Nbd7 12. Qc2 Qc7 13. c4 a5 14. c5 Rc8 15. Rfc1 Nb8 16. Ne5 Be6 17. Ndf3 Nc6 18. Bf4 Nb4 19. Bb5+ Nd7 20. Qd2 Qd8 21. Nxd7 Bxd7 22. Bxd7+ Kxd7 23. Ne5+ Ke8 24. Re1 f6 25. Nf3 Kf7 26. Qe2 Re8 27. Qe6+ Kf8 28. Re2 Rc6 29. Qf5 Kg8 30. Bd2 b6 31. Bxb4 axb4 32. Ra6 g6 33. Qg4 Qc7 34. Rxb6 Rxb6 35. cxb6 Qxb6 36. Qd7 Kf8 37. Qxd5 Qd6 38. Qxd6 Bxd6 39. Rxe8+ Kxe8 40. Kf1 Kd7 41. Ke2 Ke6 42. Kd3 Kd5 43. Nd2 Bxh2 44. Ne4 Ke6 45. g3 Bg1 46. Ke3 f5 47. Ng5+ Kd5 48. Nf3 Bxf2+ 49. Kxf2 Ke4 50. Ke2 h6 51. Kd2 g5 52. d5 Kxd5 53. Kd3 f4 54. gxf4 gxf4 55. Nh2 Ke5 56. Ng4+ Kd5 57. Nxh6 f3 58. Ng4 Kc5 59. Ke3 Kd5 60. Nf6+ Ke5 1-0

[Event "Bratislava Doprastav op"]
[Site "Bratislava"]
[Date "2008.07.01"]
[Round "5"]
[White "Fuchs, Ladislav"]
[Black "Pozsar, Peter"]
[Result "1/2-1/2"]
[WhiteElo "1678"]
[BlackElo "1693"]
[PlyCount "138"]
[EventDate "2008.06.28"]
[EventType "swiss"]
[EventRounds "7"]
[EventCountry "SVK"]
[SourceTitle "CBM 125 Extra"]
[Source "ChessBase"]
[SourceDate "2008.09.01"]
[SourceVersion "1"]
[SourceVersionDate "2008.09.01"]
[SourceQuality "1"]

1. e4 Nf6 2. d3 d6 3. Nf3 Nbd7 4. g3 g6 5. Bg2 Bg7 6. 0-0 0-0 7. Re1 Ng4 8. d4 e5 9. h3 Ngf6 10. dxe5 Nxe5 11. Nc3 c6 12. Bf4 Nh5 13. Bg5 Qc7 14. Qe2 Be6 15. g4 Nf6 16. Nxe5 dxe5 17. Qf3 Nd7 18. Rad1 f6 19. Be3 Nb6 20. Bc5 Rfd8 21. b3 Rxd1 22. Rxd1 Rd8 23. a4 Rxd1+ 24. Qxd1 Nc8 25. Qd2 Bf8 26. Bxf8 Kxf8 27. Nd1 Qd6 28. Qxd6+ Nxd6 29. Ne3 Ke7 30. f3 a5 31. Kf2 Kd7 32. Ke2 b5 33. axb5 Nxb5 34. Kd2 Kd6 35. Bf1 Nd4 36. Be2 Kc5 37. Bd1 Bf7 38. Kc3 f5 39. gxf5 gxf5 40. Nxf5 Be6 41. Nxd4 exd4+ 42. Kd3 Bxh3 43. f4 Bf1+ 44. Kd2 Kd6 45. Bf3 c5 46. Ke1 Bb5 47. Kf2 c4 48. Bd1 c3 49. Kf3 Kc5 50. f5 Kd6 51. Kf4 a4 52. e5+ Ke7 53. bxa4 Bxa4 54. Ke4 h5 55. Kxd4 h4 56. Kxc3 h3 57. Bf3 h2 58. Kd3 Bd7 59. e6 Bc8 60. Ke3 Ba6 61. Kf2 Kf6 62. Kg2 Kxf5 63. e7 Bb5 64. Be2 Bc6+ 65. Kxh2 Ke6 66. Bg4+ Kxe7 67. Kg3 Kd6 68. Kf4 Kc5 69. Ke3 Bd5 1/2-1/2

[Event "Bratislava Doprastav op"]
[Site "Bratislava"]
[Date "2008.06.28"]
[Round "1"]
[White "Fuchs, Ladislav"]
[Black "Peitl, Tomas"]
[Result "0-1"]
[WhiteElo "1678"]
[BlackElo "2007"]
[PlyCount "108"]
[EventDate "2008.06.28"]
[EventType "swiss"]
[EventRounds "7"]
[EventCountry "SVK"]
[SourceTitle "CBM 125 Extra"]
[Source "ChessBase"]
[SourceDate "2008.09.01"]
[SourceVersion "1"]
[SourceVersionDate "2008.09.01"]
[SourceQuality "1"]

1. e4 e6 2. d4 d5 3. Nc3 Bb4 4. e5 c5 5. a3 Bxc3+ 6. bxc3 Ne7 7. Nf3 Nbc6 8. Be2 Bd7 9. 0-0 Qa5 10. Rb1 Qc7 11. Be3 cxd4 12. cxd4 0-0 13. c4 dxc4 14. Bxc4 Rfd8 15. Qc2 Na5 16. Rfc1 Qxc4 17. Qxc4 Nxc4 18. Rxc4 Bc6 19. Bg5 Rd7 20. Bxe7 Rxe7 21. Kf1 Rd7 22. Ke2 Bd5 23. Rc3 b6 24. Rd1 Kf8 25. Ke3 Ke7 26. g3 Kd8 27. Nd2 Rc8 28. Rdc1 Rdc7 29. Nb1 a6 30. f4 Kd7 31. Kd3 Rc6 32. R1c2 b5 33. Nd2 Rxc3+ 34. Rxc3 Rxc3+ 35. Kxc3 a5 36. Nf1 h5 37. Ne3 Be4 38. h3 Kc6 39. g4 h4 40. Kb3 Bf3 41. Kc3 Bd5 42. f5 g5 43. fxg6 fxg6 44. g5 Be4 45. Kb3 Bf3 46. Kc3 Be4 47. Kb3 Kd7 48. a4 b4 49. Kb2 Bd5 50. Kc2 Kc6 51. Kb2 Kb6 52. Kc2 Bc6 53. Kb3 Kc7 54. Nc4 Bd5 0-1